000 00325nam a2200145Ia 4500
008 150301s2015 xx 000 0 und d
082 _a615.321
_bP09Z
100 _aZAFAR, R
245 _aPRACTICAL PHARMACOGNOSY
250 _a1ST
260 _bCBS- DELHI
300 _a140
650 _aPHARMACEUTICS
942 _2ddc
_cBK
_03
999 _c7302
_d7302